Statistiques concernant Les Chasseurs de Primes dans SW

Cliquez ici pour prendre le quiz!

Statistiques générales

  • Ce quiz a été pris 6 fois
  • Le résultat moyen est 5 sur 10

Statistiques - réponses

HintRéponse% Correct
CloneBoba fett
100%
Son pereJango fett
100%
DroideIg88
67%
MandalorienDin djarin
50%
Soeur de la nuitAssaj ventress
33%
ReptileBossk
33%
Acolyte bobaFennec
33%
Peau verteGreedo
33%
SnipeuseAurra sing
17%
Peau bleuCad bane
17%

Distribution des résultats

Percentile par nombre de réponses

% des personnes avec chaque résultat

Votre développement - résultats

Vous n’avez pas pris ce quiz